000
00282nam a22001097a 4500
008
170511b xxu||||| |||| 00| 0 eng d
080
_a
34
100
_a
15
101
_a
SHJ
245
_a
HAFTUNG DES STAATES FUR RECHTSWIDRIGES BERHALTEN SEINER ORGANE
_c
VERLAG, C.H
942
_2
udc
_c
BK
999
_c
13202
_d
13202